Personál časopis pro rozvoj lidských zdrojů ve firmách a společnostech

Salvato in:
Dettagli Bibliografici
Natura: Periodico
Lingua:ceco
Pubblicazione: Trutnov Pratr
Soggetti:
Tags: Aggiungi Tag
Nessun Tag, puoi essere il primo ad aggiungerne!!

MARC

LEADER 00000nas1a2200000 4500
001 0050326
005 20250708091814.5
022 |a 1213-8878 
041 0 |a cze 
044 |a CZ 
245 1 0 |a Personál  |b časopis pro rozvoj lidských zdrojů ve firmách a společnostech 
264 1 |a Trutnov  |b Pratr 
610 2 0 |a zdroje ľudské 
610 2 0 |a sily pracovné 
610 2 0 |a vzdelávanie